[Event "FRA-chT U20 1112"]
[Site "France"]
[Date "2011.12.18"]
[Round "5"]
[White "Lamard, Guillaume"]
[Black "Richard, Francois"]
[Result "1-0"]
[WhiteElo "2179"]
[BlackElo "1775"]
[PlyCount "63"]
[EventDate "2011.12.03"]
[EventType "team-swiss"]
[EventRounds "7"]
[EventCountry "FRA"]
[SourceTitle "EXT 2013"]
[Source "ChessBase"]
[SourceDate "2012.11.22"]
[SourceVersion "1"]
[SourceVersionDate "2012.11.22"]
[SourceQuality "1"]

1. d4 d5 2. Nf3 e6 3. c4 c5 4. cxd5 exd5 5. Nc3 Nc6 6. g3 Nf6 7. Bg2 Be7 8. 0-0 0-0 9. dxc5 Bxc5 10. Bg5 d4 11. Bxf6 Qxf6 12. Nd5 Qd8 13. Nd2 Be6 14. Nf4 Bd6 15. Nxe6 fxe6 16. Qb3 Qe7 17. Qa4 Qg5 18. Nf3 Qc5 19. Rad1 e5 20. Qb3+ Kh8 21. Ng5 Nd8 22. Ne4 Qb4 23. Qd5 Nf7 24. Rd3 Bc7 25. Rb3 Qa5 26. Rb5 Qa6 27. Rxb7 Rad8 28. Qb3 Qa5 29. Rc1 Rc8 30. Bh3 Rb8 31. Rxb8 Bxb8 32. Qxf7 1-0

[Event "Rennes op 4th"]
[Site "Rennes"]
[Date "2011.07.17"]
[Round "3"]
[White "Inkiov, Ventzislav"]
[Black "Richard, Francois"]
[Result "1-0"]
[WhiteElo "2476"]
[BlackElo "1765"]
[PlyCount "61"]
[EventDate "2011.07.16"]
[EventType "swiss"]
[EventRounds "9"]
[EventCountry "FRA"]
[SourceTitle "CBM 143 Extra"]
[Source "ChessBase"]
[SourceDate "2011.08.29"]
[SourceVersion "1"]
[SourceVersionDate "2011.08.29"]
[SourceQuality "1"]

1. e4 e6 2. d4 d5 3. e5 c5 4. c3 Qb6 5. Nf3 Nc6 6. Be2 cxd4 7. cxd4 Nh6 8. b3 Nf5 9. Bb2 Be7 10. 0-0 Bd7 11. Kh1 Rc8 12. Nc3 f6 13. Qd3 g6 14. g4 Ng7 15. Na4 Qc7 16. Rac1 f5 17. gxf5 gxf5 18. Rg1 0-0 19. Qd2 f4 20. Rg4 Kh8 21. Rcg1 Nh5 22. Ng5 h6 23. Rh4 Bxg5 24. Rxh5 Rg8 25. Rgxg5 Rxg5 26. Rxh6+ Kg8 27. Qxf4 Rg7 28. Qh4 Nxe5 29. Rh8+ Kf7 30. Qf4+ Ke7 31. Ba3+ 1-0